000 01963nam a22003377a 4500
999 _c21729
_d21729
003 AR-CdUCM
008 190425b ||||| |||| 00| 0 spa d
040 _aMUNICIPALIDAD PROVINCIAL DEL CUSCO
_cBIBLIOTECA MUNICIPAL DEL CUSCO
082 _aRev.Univ/N°73/1937
_bRev.Univ/N°73/1937
110 _aUniversidad Nacional de San Antonio Abad del Cusco
_915942
245 _aRevista Universitaria :
_bÓrgano de la Universidad del Cuzco /
260 _aCusco :
_bH. G. Rozas,
_c1937.
300 _a208 páginas. :
_c20 cm.
440 _aRevista Universitaria
_nAño XXVI, 2° semestre 1937, N°73
_945890
505 _aContenido: Ampliando el herbarium de la Universidad del Cuzco. César Vargas C. -- Contribución al estudio de la flora peruana. V. Soukup. -- El estado actual de nuestros conocimientos acerca de la Flora del departamento del Cuzco. Fortunato L. Herrera. -- Un importante aporte del Dr. Melo. -- Hacia la historia del Cuzco. José Gabriel Cosio. -- El gran templo de Huiraccocha. Víctor M. Guillén. -- Campos de cultivo en andenería de los antiguos. Federico Ponce de León. -- El divorcio y sus efectos en el nuevo código civil. Cesar Augusto Muñiz. -- El mutuo disenso en causal de divorcio absoluto. Francisco Pince de León. -- Notas bibliográficas. Alfredo Yépez Miranda. -- El alferazgo real de indios en la época colonial. José Uriel García.
650 _aHistoria del Cusco
_91714
650 _aBotánica cusqueña
_945807
650 _aIndigenismo
_9208
650 _aTemplo de Wiraqocha
_945891
650 _aRaqchi
_945892
650 _aAlferazgo
_945893
700 _aYépez Miranda, Alfredo
_94230
700 _aGarcía, Uriel
_945894
700 _aPonce de León, Francisco
_929819
700 _aCosio, José Gabriel
_911720
700 _aVargas, César
_945886
700 _aGuillén, Víctor M
_945895
710 _aUniversidad Nacional de San Antonio Abad del Cusco
_915942
942 _2ddc
_cPP
945 _arac